Business Ethics 2/e

Saved in:
Bibliografiske detaljer
Hovedforfatter: Crane
Format: Bog
Udgivet: OUP
Tags: Tilføj Tag
Ingen Tags, Vær først til at tagge denne postø!

MARC

LEADER 00000nam a2200000Ia 4500
005 20260513122049.0
020 |a 9780198828792 
100 |a Crane 
365 |c Rs. 
365 |b 20.00 
942 |c BK 
245 |a Business Ethics 2/e 
260 |b OUP 
999 |c 11  |d 11 
952 |0 0  |1 0  |4 0  |7 0  |a UNSW  |b UNSW  |d 2026-05-06  |g 830.00  |i 16681  |l 0  |p 000050  |r 2026-05-13 12:20:49  |v 830.00  |w 2026-05-13  |y BK